[Event "23rd EUR-ch"]
[Site "Vrnjacka Banja SRB"]
[Date "2023.03.07"]
[Round "5.176"]
[White "Jocev, Milan"]
[Black "Nilssen, Ellen Fredericia"]
[Result "1/2-1/2"]
[WhiteElo "2315"]
[BlackElo "2144"]
[EventDate "2023.03.03"]
[PlyCount "69"]

1.d4 Nf6 2.c4 e6 3.Nc3 d5 4.cxd5 exd5 5.Bg5 Be7 6.e3 c6 7.Bd3 Nbd7 8.Nge2 
Nh5 9.Bxe7 Qxe7 10.Qc2 g6 11.O-O-O Nb6 12.Na4 Nxa4 13.Qxa4 Ng7 14.Nc3 O-O 
15.h4 a5 16.Qc2 Bf5 17.Bxf5 Nxf5 18.h5 Nd6 19.hxg6 hxg6 20.Ne2 Kg7 21.Nf4 
Rh8 22.Qc5 Nf5 23.Qxe7 Nxe7 24.Nd3 Nf5 25.Kd2 Nd6 26.Ke2 Rxh1 27.Rxh1 a4 
28.g4 Ra5 29.Kd2 Ne4+ 30.Kc2 Ra8 31.Kd1 Re8 32.Ke2 Ra8 33.Kd1 Re8 34.Kc2 
Ra8 35.Kd1 1/2-1/2

[Event "23rd EUR-ch"]
[Site "Vrnjacka Banja SRB"]
[Date "2023.03.07"]
[Round "5.177"]
[White "Denishev, Marat"]
[Black "Medancic, Rikard"]
[Result "1/2-1/2"]
[WhiteElo "2303"]
[BlackElo "2139"]
[EventDate "2023.03.03"]
[PlyCount "126"]

1.d4 Nf6 2.c4 e6 3.Nf3 d5 4.g3 Bb4+ 5.Nbd2 O-O 6.Qc2 c6 7.Bg2 Nbd7 8.O-O 
h6 9.a3 Be7 10.e4 dxe4 11.Nxe4 Nxe4 12.Qxe4 Nf6 13.Qc2 Qc7 14.Re1 c5 15.
dxc5 Bxc5 16.b4 Be7 17.Nd4 a6 18.Bb2 Rd8 19.Rad1 Bf8 20.Rd2 Bd7 21.Red1 
Rac8 22.c5 Be8 23.Qb3 Rd7 24.Nf3 Rxd2 25.Rxd2 Nd7 26.Nd4 Nf6 27.Qf3 Nd5 
28.Nf5 Bc6 29.Qh5 Rd8 30.Nd4 Nf6 31.Qe2 Bxg2 32.Kxg2 a5 33.Qf3 Nd5 34.Nc2 
Qc6 35.Kg1 axb4 36.axb4 Qa4 37.Qd3 Rd7 38.Qa3 Qc6 39.Nd4 Qc8 40.h4 Qd8 41.
Nf3 Qc8 42.Ne5 Rd8 43.Qf3 Qc7 44.Ng4 Qe7 45.Be5 Rd7 46.Bd6 Qe8 47.Be5 Qe7 
48.Rd4 Qd8 49.Qd3 f6 50.Bf4 Qe7 51.Bd6 Qf7 52.Bxf8 Qxf8 53.Qd2 Kh7 54.Ne3 
Qd8 55.b5 Kh8 56.h5 Kg8 57.Qd3 Kh8 58.Qd1 Kg8 59.Qd2 Kh8 60.f4 Qc7 61.Qc1 
Nxe3 62.Rxd7 Qxd7 63.Qxe3 Qxb5 1/2-1/2

[Event "23rd EUR-ch"]
[Site "Vrnjacka Banja SRB"]
[Date "2023.03.07"]
[Round "5.178"]
[White "Ivanovic, Marko"]
[Black "Kostov, Deyan Samuil"]
[Result "0-1"]
[WhiteElo "2302"]
[BlackElo "2120"]
[EventDate "2023.03.03"]
[PlyCount "102"]

1.d4 d5 2.c4 dxc4 3.e4 c5 4.d5 Nf6 5.Nc3 b5 6.Bf4 Qa5 7.a4 Nxe4 8.Ne2 Nd6 
9.axb5 Qb6 10.Ng3 Nd7 11.Bxd6 exd6 12.Qe2+ Kd8 13.Qd2 g6 14.Bxc4 Bg7 15.
O-O Qc7 16.Rfe1 Nb6 17.Be2 Ke8 18.Bf3+ Kf8 19.Qe3 Qd8 20.h4 h5 21.Nge4 Bd4
22.Qg5 Kg7 23.Ra2 f6 24.Qf4 Be5 25.Qd2 Bf5 26.Rea1 Qc7 27.Na4 Nxa4 28.Rxa4
Rhb8 29.Ra5 Bxe4 30.Bxe4 Rb7 31.Bd3 c4 32.Bb1 c3 33.Qc2 f5 34.b3 Qc5 35.
R1a4 Rxb5 36.Rxb5 Qxb5 37.Rc4 Qxd5 38.f4 Bf6 39.Qe2 Qd2 40.Qe6 Bxh4 41.
Bxf5 Qf2+ 42.Kh2 Qg3+ 43.Kg1 Qe1+ 44.Qxe1 Bxe1 45.Bd3 Bd2 46.Kf2 a5 47.g3 
Re8 48.Rc6 Be3+ 49.Ke2 Bxf4+ 50.Kd1 Bxg3 51.Rxc3 h4 0-1

[Event "23rd EUR-ch"]
[Site "Vrnjacka Banja SRB"]
[Date "2023.03.07"]
[Round "5.179"]
[White "Vagman, Roy"]
[Black "Korkmaz, Necmettin"]
[Result "1-0"]
[WhiteElo "2298"]
[BlackElo "2106"]
[EventDate "2023.03.03"]
[PlyCount "59"]

1.e4 e5 2.Nf3 Nc6 3.Bb5 a6 4.Ba4 Nf6 5.Nc3 b5 6.Bb3 Be7 7.a3 d6 8.h3 Nd4 
9.Nxd4 exd4 10.Ne2 c5 11.d3 Bb7 12.Bg5 O-O 13.O-O Rc8 14.Ng3 h6 15.Bf4 d5 
16.e5 Ne8 17.Nf5 Kh7 18.Qg4 c4 19.Ba2 Rc6 20.Nxd4 Rg6 21.Qf3 Qb6 22.c3 f6 
23.Qe3 fxe5 24.Bxe5 Bc5 25.Bb1 Nd6 26.Bxd6 Qxd6 27.dxc4 Kg8 28.cxb5 Rgf6 
29.Qd3 g6 30.b4 1-0

[Event "23rd EUR-ch"]
[Site "Vrnjacka Banja SRB"]
[Date "2023.03.07"]
[Round "5.180"]
[White "Todorovic, Goran N."]
[Black "Farkas, Sandor"]
[Result "0-1"]
[WhiteElo "2296"]
[BlackElo "2064"]
[EventDate "2023.03.03"]
[PlyCount "84"]

1.d4 Nf6 2.c4 g6 3.Nc3 Bg7 4.e4 d6 5.h3 O-O 6.Be3 e5 7.d5 Na6 8.Nf3 Nh5 9.
a3 Nc5 10.b4 Nd7 11.Nd2 a5 12.Rc1 axb4 13.axb4 c5 14.dxc6 bxc6 15.g3 f5 
16.exf5 gxf5 17.Qxh5 f4 18.Qe2 fxe3 19.Qxe3 Nb6 20.Bg2 d5 21.Qe2 e4 22.O-O
Ra3 23.Ndb1 Rb3 24.b5 Nxc4 25.bxc6 Rb2 26.Rc2 Rxc2 27.Qxc2 Ne5 28.Qb3 Nf3+
29.Bxf3 exf3 30.Qxd5+ Qxd5 31.Nxd5 Bxh3 32.Rc1 Be5 33.c7 Bxg3 34.c8=Q Bxc8
35.Ne7+ Kf7 36.Nxc8 Be5 37.Na7 Rg8+ 38.Kf1 Bh2 39.Ke1 Rg1+ 40.Kd2 Bf4+ 41.
Kd3 Rxc1 42.Nc3 Kg6 0-1

[Event "23rd EUR-ch"]
[Site "Vrnjacka Banja SRB"]
[Date "2023.03.07"]
[Round "5.181"]
[White "Panic, Nenad"]
[Black "Butolo, Alexandru-Mircea"]
[Result "1-0"]
[WhiteElo "2295"]
[BlackElo "2027"]
[EventDate "2023.03.03"]
[PlyCount "57"]

1.b3 Nf6 2.Bb2 e6 3.e3 d5 4.Nf3 b6 5.Ne5 Bb7 6.f4 Be7 7.Be2 Nfd7 8.O-O 
Nxe5 9.fxe5 Nd7 10.d4 O-O 11.Bd3 f5 12.c4 Bg5 13.Qe2 c5 14.Nc3 f4 15.Qh5 
Bh6 16.cxd5 fxe3 17.dxe6 Rf2 18.Rxf2 exf2+ 19.Kf1 cxd4 20.Qf7+ Kh8 21.exd7
dxc3 22.Bxc3 Bc6 23.Qf5 Qg8 24.e6 Rf8 25.Qe5 Rf6 26.Rd1 a6 27.Qxf6 gxf6 
28.Bxf6+ Bg7 29.d8=Q 1-0

[Event "23rd EUR-ch"]
[Site "Vrnjacka Banja SRB"]
[Date "2023.03.07"]
[Round "5.182"]
[White "Giacomini, Hector"]
[Black "Ozsac, Samet Harun"]
[Result "1/2-1/2"]
[WhiteElo "2121"]
[BlackElo "2293"]
[EventDate "2023.03.03"]
[PlyCount "59"]

1.Nf3 Nf6 2.e3 g6 3.d4 Bg7 4.c4 O-O 5.Be2 d6 6.Nc3 Nbd7 7.O-O e5 8.Qc2 Re8
9.Rd1 e4 10.Nd2 Qe7 11.b4 c6 12.a4 h5 13.Ba3 Nf8 14.b5 Bf5 15.bxc6 bxc6 
16.Nf1 h4 17.h3 N8h7 18.Nh2 Ng5 19.Bf1 Qd7 20.a5 Nh5 21.Rab1 Ng3 22.fxg3 
hxg3 23.a6 gxh2+ 24.Kxh2 Rab8 25.Rxb8 Rxb8 26.Rb1 Rxb1 27.Qxb1 c5 28.Qb8+ 
Kh7 29.Nb5 Bxh3 30.Qxd6 1/2-1/2

[Event "23rd EUR-ch"]
[Site "Vrnjacka Banja SRB"]
[Date "2023.03.07"]
[Round "5.183"]
[White "Krasteva, Beloslava"]
[Black "Peric, Slavisa"]
[Result "0-1"]
[WhiteElo "2292"]
[BlackElo "1980"]
[EventDate "2023.03.03"]
[PlyCount "118"]

1.d4 e6 2.c4 Bb4+ 3.Nc3 Nf6 4.f3 d5 5.a3 Bxc3+ 6.bxc3 O-O 7.cxd5 exd5 8.e3
b6 9.Bd3 Ba6 10.Bxa6 Nxa6 11.Qd3 Nb8 12.Ne2 Re8 13.O-O c5 14.Ng3 Nc6 15.
Bb2 Rc8 16.Rae1 Qc7 17.e4 cxd4 18.cxd4 Na5 19.e5 Nd7 20.Qf5 Nf8 21.Qg4 Qc2
22.Nf5 Ne6 23.Rf2 Qd3 24.Nd6 Nc4 25.Nxe8 Rxe8 26.f4 Nxb2 27.Rxb2 Qxd4+ 28.
Rf2 Nc5 29.Kf1 Ne4 30.Rc2 Nd2+ 31.Rxd2 Qxd2 32.f5 Qd3+ 33.Kg1 f6 34.e6 g6 
35.Qa4 Re7 36.Qb4 Re8 37.Qa4 Re7 38.Qb4 Re8 39.fxg6 hxg6 40.Qf4 Qc3 41.Re2
Kg7 42.h4 Qc4 43.Qf3 Re7 44.h5 gxh5 45.Qxh5 Qd4+ 46.Kf1 Qf4+ 47.Kg1 d4 48.
Qd5 Qc1+ 49.Kh2 Qc5 50.Qe4 Qd6+ 51.Kg1 Qc5 52.Qg4+ Kf8 53.Qh4 d3+ 54.Kh1 
Kg7 55.Qg4+ Kh8 56.Qh3+ Rh7 57.e7 Rxh3+ 58.gxh3 Qc6+ 59.Rg2 Qe8 0-1

[Event "23rd EUR-ch"]
[Site "Vrnjacka Banja SRB"]
[Date "2023.03.07"]
[Round "5.184"]
[White "Dimitrijevic, Dusan"]
[Black "Kisic, Bozidar"]
[Result "1-0"]
[WhiteElo "2105"]
[BlackElo "2283"]
[EventDate "2023.03.03"]
[PlyCount "142"]

1.d4 Nf6 2.Bf4 b6 3.e3 Bb7 4.Nf3 Nh5 5.Bg5 h6 6.Bh4 g5 7.Bg3 d6 8.Bc4 e6 
9.Nc3 Nxg3 10.hxg3 Bg7 11.Ne2 d5 12.Bd3 Qd6 13.c3 f5 14.Qc2 Nd7 15.Rc1 c6 
16.c4 Rc8 17.Qa4 dxc4 18.Qxc4 Nf6 19.Nc3 a6 20.O-O c5 21.Qb3 Bxf3 22.gxf3 
b5 23.dxc5 Rxc5 24.Ne2 Rxc1 25.Rxc1 Nd7 26.Nd4 Bxd4 27.exd4 O-O 28.Re1 Rf6
29.Qc3 Kg7 30.Rc1 h5 31.Bc2 h4 32.Kg2 g4 33.gxh4 Qf4 34.Bd1 gxf3+ 35.Bxf3 
Qxh4 36.Qc7 Qg5+ 37.Qg3 Rg6 38.Qxg5 Rxg5+ 39.Kf1 Kf6 40.Rc6 Ke7 41.Rxa6 
Rg8 42.Ra8 Rxa8 43.Bxa8 Kd6 44.Ke2 Nb6 45.Bg2 Na4 46.Kd2 Nxb2 47.Bf1 b4 
48.Kc2 Na4 49.Kb3 Nc3 50.Kxb4 Nd1 51.f3 Ne3 52.Bc4 Nc2+ 53.Kc3 Ne1 54.Be2 
Kc6 55.a4 Kb6 56.Kd2 Ng2 57.Bc4 Ka5 58.Bxe6 Nh4 59.Ke3 Kxa4 60.Kf4 Kb4 61.
Kg3 Ng6 62.Bxf5 Ne7 63.Be4 Kc4 64.d5 Kc5 65.Kg4 Kd6 66.f4 Nc8 67.Kg5 Ke7 
68.Kg6 Nd6 69.Bd3 Ne8 70.Bf5 Nd6 71.Be6 Nc4 1-0

[Event "23rd EUR-ch"]
[Site "Vrnjacka Banja SRB"]
[Date "2023.03.07"]
[Round "5.185"]
[White "Horvat, Damjan"]
[Black "Leszko, Bence"]
[Result "1/2-1/2"]
[WhiteElo "2095"]
[BlackElo "2283"]
[EventDate "2023.03.03"]
[PlyCount "68"]

1.e4 c5 2.Nf3 e6 3.c4 Nc6 4.d4 cxd4 5.Nxd4 Nf6 6.Nc3 Qc7 7.Nxc6 dxc6 8.Be3
e5 9.Be2 Bb4 10.Qc2 Ng4 11.Bxg4 Bxg4 12.O-O O-O 13.a3 Be7 14.c5 Rad8 15.f3
Be6 16.b4 h6 17.Rfd1 Bg5 18.Bxg5 hxg5 19.Rxd8 Rxd8 20.Rd1 g4 21.Rd3 gxf3 
22.gxf3 Qe7 23.Ne2 Qg5+ 24.Ng3 g6 25.Rxd8+ Qxd8 26.Qc3 Qd1+ 27.Kg2 f6 28.
Nf1 Kg7 29.Qd2 Qxd2+ 30.Nxd2 Kh6 31.Kg3 Kg5 32.h4+ Kh5 33.Nf1 g5 34.hxg5 
Kxg5 1/2-1/2

[Event "23rd EUR-ch"]
[Site "Vrnjacka Banja SRB"]
[Date "2023.03.07"]
[Round "5.186"]
[White "Pantovic, Dragan M."]
[Black "Kristoferitsch, Daniel"]
[Result "0-1"]
[WhiteElo "2038"]
[BlackElo "2282"]
[EventDate "2023.03.03"]
[PlyCount "50"]

1.d4 Nf6 2.c4 e6 3.Nf3 d5 4.Nc3 dxc4 5.e3 a6 6.Bxc4 b5 7.Bb3 Bb7 8.O-O 
Nbd7 9.e4 Nxe4 10.Nxe4 Bxe4 11.Qe2 Nf6 12.Bg5 Bd5 13.Bxd5 Qxd5 14.a4 Rb8 
15.Rfc1 Bd6 16.Ne5 Nd7 17.axb5 axb5 18.Nxd7 Kxd7 19.Be3 Ra8 20.f3 g6 21.
Qf2 h5 22.Qh4 Rxa1 23.Rxa1 Ra8 24.Re1 Ra2 25.Qf6 Qf5 0-1

[Event "23rd EUR-ch"]
[Site "Vrnjacka Banja SRB"]
[Date "2023.03.07"]
[Round "5.187"]
[White "Vujic, Mihailo"]
[Black "Alfirevic, Duje"]
[Result "1/2-1/2"]
[WhiteElo "2281"]
[BlackElo "1924"]
[EventDate "2023.03.03"]
[PlyCount "87"]

1.e4 e5 2.Nf3 Nc6 3.d4 exd4 4.Bc4 Nf6 5.e5 Ne4 6.O-O Be7 7.Bd5 Nc5 8.Re1 
O-O 9.Nxd4 Nxd4 10.Qxd4 c6 11.Bf3 d5 12.exd6 Qxd6 13.Qxd6 Bxd6 14.Be3 Bf5 
15.Na3 Na4 16.Nc4 Bc7 17.b3 Be6 18.bxa4 Bxc4 19.Rab1 Ba6 20.Be2 Bxe2 21.
Rxb7 Bxh2+ 22.Kxh2 Bc4 23.Bxa7 Bxa2 24.Ree7 Rfe8 25.a5 Bc4 26.Kg3 g6 27.
Kf4 Rxe7 28.Rxe7 Kf8 29.Rc7 Ke8 30.Ke5 Bd5 31.f3 Rd8 32.Bb6 Ra8 33.Kd6 h5 
34.Re7+ Kf8 35.Ra7 Rxa7 36.Bxa7 Bc4 37.Kxc6 h4 38.Kb6 Bf1 39.a6 Ke7 40.f4 
Kd7 41.Kb7 Bxg2+ 42.Kb8 Bf1 43.Kb7 Bg2+ 44.Kb8 1/2-1/2

[Event "23rd EUR-ch"]
[Site "Vrnjacka Banja SRB"]
[Date "2023.03.07"]
[Round "5.188"]
[White "Rahmanidis, Petros"]
[Black "Velkoski, Stojan"]
[Result "1-0"]
[WhiteElo "2278"]
[BlackElo "1868"]
[EventDate "2023.03.03"]
[PlyCount "97"]

1.e4 e6 2.d4 d5 3.e5 c5 4.c3 Bd7 5.Nf3 Qb6 6.Be2 cxd4 7.cxd4 Bb5 8.O-O Nc6
9.Bxb5 Qxb5 10.Nc3 Qb6 11.Rb1 Bb4 12.Ne2 Nge7 13.Bf4 Ng6 14.Bg3 O-O 15.a3 
Be7 16.b4 Rfc8 17.Qd3 a5 18.b5 Na7 19.Nd2 a4 20.f4 Qa5 21.Be1 Qb6 22.Kh1 
f5 23.g3 Nf8 24.Nc3 Nd7 25.Nd1 Qc7 26.g4 g6 27.gxf5 gxf5 28.b6 Nxb6 29.Ne3
Rf8 30.Nf3 Nc4 31.Rg1+ Kh8 32.Ng5 Bxg5 33.Rxg5 Nxe3 34.Qxe3 Rg8 35.Bh4 Nc6
36.Rxg8+ Kxg8 37.Bf6 Qf7 38.Rg1+ Kf8 39.Qc3 Ra5 40.Qh3 Rb5 41.Qh6+ Ke8 42.
Rg7 Rb1+ 43.Kg2 Rb2+ 44.Kg1 Rb1+ 45.Kf2 Rb2+ 46.Ke1 Rb1+ 47.Kd2 Rb2+ 48.
Kc1 Qf8 49.Qh5+ 1-0

[Event "23rd EUR-ch"]
[Site "Vrnjacka Banja SRB"]
[Date "2023.03.07"]
[Round "5.189"]
[White "Andreev, Stanislav"]
[Black "Levitan, Tal"]
[Result "0-1"]
[WhiteElo "2016"]
[BlackElo "2276"]
[EventDate "2023.03.03"]
[PlyCount "68"]

1.d4 d5 2.c4 e6 3.Nc3 Be7 4.Bf4 Nf6 5.e3 O-O 6.Be2 b6 7.Nf3 dxc4 8.Bxc4 
Ba6 9.Bxa6 Nxa6 10.O-O c5 11.Qe2 Qc8 12.Rfd1 Qb7 13.e4 cxd4 14.Nxd4 Rfd8 
15.Bg5 h6 16.Bh4 Nb4 17.a3 Nc6 18.Nf3 a6 19.h3 b5 20.e5 Nd5 21.Nxd5 Rxd5 
22.Rxd5 exd5 23.Bg3 Rd8 24.Rd1 Qd7 25.Qc2 d4 26.Nd2 d3 27.Qc3 b4 28.Qc4 
Qd5 29.Qxa6 Nxe5 30.a4 Bg5 31.Bxe5 Qxe5 32.Nf1 Qe2 33.Ra1 Qxb2 34.Rd1 Qc2 
0-1

[Event "23rd EUR-ch"]
[Site "Vrnjacka Banja SRB"]
[Date "2023.03.07"]
[Round "5.190"]
[White "Arsenie, Cristian Marc"]
[Black "Stojanovic, Andjelija"]
[Result "1/2-1/2"]
[WhiteElo "1971"]
[BlackElo "2262"]
[EventDate "2023.03.03"]
[PlyCount "52"]

1.e4 g6 2.d4 Bg7 3.Nc3 d5 4.Nxd5 c6 5.Ne3 Qxd4 6.Qxd4 Bxd4 7.Nf3 Bg7 8.Bc4
Nd7 9.O-O Nb6 10.Bb3 Nf6 11.e5 Ng4 12.Nxg4 Bxg4 13.Ng5 Nd5 14.h3 Bf5 15.f4
f6 16.Nf3 O-O-O 17.g4 Bd7 18.Re1 fxe5 19.fxe5 Rdf8 20.Kg2 e6 21.c4 Nb4 22.
Be3 Nd3 23.Bxa7 Nxe1+ 24.Rxe1 Rf7 25.Bc5 Bf8 26.Be3 Re7 1/2-1/2

[Event "23rd EUR-ch"]
[Site "Vrnjacka Banja SRB"]
[Date "2023.03.07"]
[Round "5.191"]
[White "Sredojevic, Ivan"]
[Black "Shadyev, Damir"]
[Result "0-1"]
[WhiteElo "2255"]
[BlackElo "1712"]
[EventDate "2023.03.03"]
[PlyCount "80"]

1.e4 c5 2.Nf3 d6 3.Nc3 Nf6 4.e5 dxe5 5.Nxe5 a6 6.a4 Nbd7 7.Nc4 Nb6 8.Ne3 
e6 9.g3 Nbd5 10.Ncxd5 Nxd5 11.Nc4 b6 12.Bg2 Bb7 13.O-O Be7 14.d4 O-O 15.
dxc5 Bxc5 16.Qe2 Qc7 17.Rd1 Rac8 18.Nd2 Rfd8 19.Ne4 Be7 20.c3 h6 21.Nd2 
Bf6 22.Nf1 Be7 23.Bd2 a5 24.Ne3 Nf6 25.Ng4 Bxg2 26.Nxf6+ Bxf6 27.Kxg2 Rd5 
28.Be3 Rcd8 29.Rxd5 Rxd5 30.Qa6 Bd8 31.Qa8 Kh7 32.Rc1 Qc4 33.h3 Qe4+ 34.
Kh2 Bc7 35.Qc8 Be5 36.Re1 Qxa4 37.Bxb6 Qb5 38.c4 Qxb6 39.Re2 Rc5 40.Qd7 
Qc7 0-1

[Event "23rd EUR-ch"]
[Site "Vrnjacka Banja SRB"]
[Date "2023.03.07"]
[Round "5.192"]
[White "Mandryka, Vladislav"]
[Black "Bodiroga, Predrag"]
[Result "0-1"]
[WhiteElo "1465"]
[BlackElo "2314"]
[EventDate "2023.03.03"]
[PlyCount "78"]

1.Nf3 Nf6 2.c4 e6 3.d4 b6 4.g3 Bb7 5.Bg2 g6 6.Nc3 Bg7 7.d5 exd5 8.cxd5 O-O
9.O-O Na6 10.e4 c6 11.Nd4 c5 12.Ndb5 d6 13.Bf4 Ne8 14.a4 Nac7 15.Na3 Rb8 
16.Re1 a6 17.Qb3 Ba8 18.Bf1 g5 19.Be3 f5 20.exf5 Rxf5 21.Bh3 Rf8 22.Rad1 
Kh8 23.Ne4 h6 24.f4 Nf6 25.Nxf6 Qxf6 26.Rd2 b5 27.axb5 axb5 28.Qd1 gxf4 
29.Bxf4 Rbe8 30.Rf1 Qg6 31.Kh1 Re4 32.Bg2 Rd4 33.Rxd4 cxd4 34.Qb3 Qh5 35.
Qf3 Qe8 36.Qb3 Qe2 37.Rd1 Nxd5 38.Qd3 Qxg2+ 39.Kxg2 Nxf4+ 0-1

[Event "23rd EUR-ch"]
[Site "Vrnjacka Banja SRB"]
[Date "2023.03.07"]
[Round "5.193"]
[White "Marcetic, Nikola"]
[Black "Leskovac, Nikola"]
[Result "1-0"]
[WhiteElo "2309"]
[BlackElo "2103"]
[EventDate "2023.03.03"]
[PlyCount "113"]

1.d4 Nf6 2.Bg5 d5 3.Bxf6 exf6 4.e3 Bd6 5.c4 dxc4 6.Bxc4 O-O 7.Nc3 a6 8.a3 
c5 9.dxc5 Bxc5 10.Bxf7+ Kxf7 11.Qh5+ Kg8 12.Qxc5 Be6 13.Nge2 Nd7 14.Qd6 
Re8 15.O-O Ne5 16.Qxd8 Rexd8 17.Nd4 Bf7 18.Rfd1 Kf8 19.b3 Rac8 20.Rac1 g6 
21.Nce2 Rxc1 22.Rxc1 Rd7 23.h3 b6 24.f4 Nd3 25.Rc6 Ke7 26.Rxb6 Rd6 27.Rb7+
Rd7 28.Rxd7+ Kxd7 29.Nc3 f5 30.g4 fxg4 31.hxg4 h5 32.gxh5 gxh5 33.Ne4 Ke7 
34.b4 h4 35.Nf5+ Ke6 36.Nxh4 Kd5 37.Nd2 Kc6 38.Nf5 Ba2 39.Nd4+ Kd5 40.Ne2 
Kd6 41.Nc3 Bg8 42.Kg2 Ne1+ 43.Kf2 Nc2 44.Ndb1 Bc4 45.e4 Ke6 46.Nd2 Nxa3 
47.Nxc4 Nxc4 48.Ke2 Nd6 49.Kd3 Nb7 50.Na4 Kd6 51.Nc5 Nxc5+ 52.bxc5+ Kxc5 
53.f5 a5 54.e5 Kd5 55.e6 Kd6 56.Kc4 a4 57.Kb4 1-0

[Event "23rd EUR-ch"]
[Site "Vrnjacka Banja SRB"]
[Date "2023.03.07"]
[Round "5.194"]
[White "Irizanin, Radoje"]
[Black "Kosovic, Miroslav"]
[Result "1-0"]
[WhiteElo "2288"]
[BlackElo "2100"]
[EventDate "2023.03.03"]
[PlyCount "85"]

1.d4 Nf6 2.Nf3 g6 3.Nbd2 Bg7 4.e4 d6 5.c3 O-O 6.Be2 c5 7.O-O b6 8.Re1 Nfd7
9.Bf1 Nc6 10.d5 Na5 11.Rb1 a6 12.b4 Nb7 13.Bb2 b5 14.c4 Bxb2 15.Rxb2 cxb4 
16.cxb5 axb5 17.Bxb5 Nbc5 18.Qb1 Na6 19.Bxa6 Bxa6 20.Rxb4 Nc5 21.Re3 Qa5 
22.a3 Rfc8 23.h3 Bd3 24.Rxd3 Nxd3 25.Qxd3 Qxa3 26.Qxa3 Rxa3 27.Rb7 Kf8 28.
Rb2 Ra4 29.g3 Rc5 30.Kg2 f5 31.Ng5 Rca5 32.Ne6+ Kf7 33.Rb8 Ra8 34.Rxa8 
Rxa8 35.exf5 gxf5 36.Nc4 Ra4 37.Ne3 Kf6 38.Kf3 h6 39.Nf4 Rb4 40.Nfg2 e6 
41.dxe6 Kxe6 42.Nf4+ Ke5 43.Nd3+ 1-0

[Event "23rd EUR-ch"]
[Site "Vrnjacka Banja SRB"]
[Date "2023.03.07"]
[Round "5.195"]
[White "Ozsakallioglu, Okan"]
[Black "Pantic, Ivica"]
[Result "1/2-1/2"]
[WhiteElo "2264"]
[BlackElo "2091"]
[EventDate "2023.03.03"]
[PlyCount "142"]

1.e4 c5 2.Nf3 Qc7 3.c3 Nf6 4.e5 Nd5 5.d4 cxd4 6.cxd4 e6 7.a3 d6 8.Bd3 Nc6 
9.O-O Bd7 10.Re1 Qb6 11.Be4 dxe5 12.dxe5 Bc5 13.Re2 O-O-O 14.Bxd5 exd5 15.
Bg5 Be7 16.Bxe7 Nxe7 17.Nc3 Kb8 18.Qd4 Qh6 19.Rd1 Nc6 20.Qd2 Qh5 21.Qf4 
Be6 22.Nd4 Nxd4 23.Rxd4 Rd7 24.Red2 g5 25.Qe3 Qg6 26.h3 Rhd8 27.Kh2 a6 28.
Rb4 Rc8 29.Na4 Rc6 30.Nc3 Rc8 31.Rb6 Qf5 32.g4 Qg6 33.Nxd5 h5 34.Nb4 Rxd2 
35.Qxd2 Qe4 36.Qe3 Qxe3 37.fxe3 hxg4 38.hxg4 Rc1 39.Nd3 Rc2+ 40.Kg3 Ka7 
41.Rd6 Rc4 42.Rd4 Rc2 43.Kf3 a5 44.b4 b6 45.Nf2 Ra2 46.Ne4 Rxa3 47.Nxg5 
Bb3 48.bxa5 bxa5 49.Nxf7 Ra1 50.Nd8 a4 51.e6 Rf1+ 52.Ke4 Rf8 53.Ke5 Re8 
54.Rd7+ Ka6 55.Rd6+ Kb5 56.Nc6 Kc5 57.Nd4 Bc4 58.Rc6+ Kb4 59.Kf6 Ra8 60.
Rc7 Ra6 61.Kf7 Kc3 62.Nb5+ Kd3 63.Rxc4 Kxc4 64.e7 Ra8 65.Na3+ Kb3 66.e8=Q 
Rxe8 67.Kxe8 Kxa3 68.g5 Kb4 69.g6 a3 70.g7 a2 71.g8=Q a1=Q 1/2-1/2

[Event "23rd EUR-ch"]
[Site "Vrnjacka Banja SRB"]
[Date "2023.03.07"]
[Round "5.196"]
[White "Bouska, Jiri"]
[Black "Sekelja, Marko"]
[Result "1-0"]
[WhiteElo "2257"]
[BlackElo "2089"]
[EventDate "2023.03.03"]
[PlyCount "69"]

1.e4 c6 2.d4 d5 3.exd5 cxd5 4.c4 Nf6 5.Nc3 e6 6.Nf3 Nc6 7.Bg5 dxc4 8.Bxc4 
Be7 9.O-O O-O 10.Qd2 a6 11.a4 Qa5 12.Rfd1 Rd8 13.Qf4 Bd7 14.d5 Nxd5 15.
Nxd5 exd5 16.Rxd5 Qb4 17.Bxe7 Qxe7 18.Ng5 Be8 19.Qf5 g6 20.Qh3 h5 21.Qe3 
Qf6 22.Re1 Qxb2 23.Rxd8 Rxd8 24.Qf4 Qg7 25.h4 Qf8 26.Rxe8 Rxe8 27.Bxf7+ 
Kg7 28.Qd2 Rd8 29.Qc3+ Kh6 30.Qc1 Qe7 31.Bc4 Rh8 32.Nf7+ Kg7 33.Nxh8 Ne5 
34.Qe3 Qd6 35.Bb3 1-0

[Event "23rd EUR-ch"]
[Site "Vrnjacka Banja SRB"]
[Date "2023.03.07"]
[Round "5.197"]
[White "Kienboeck, Benjamin"]
[Black "Blagojevic, Tijana"]
[Result "1/2-1/2"]
[WhiteElo "2066"]
[BlackElo "2238"]
[EventDate "2023.03.03"]
[PlyCount "55"]

1.e4 c5 2.Nf3 d6 3.d4 cxd4 4.Nxd4 Nf6 5.Nc3 a6 6.h3 e5 7.Nde2 h5 8.Bg5 Be7
9.Bxf6 Bxf6 10.Ng3 g6 11.Bc4 Nc6 12.O-O Be6 13.Nd5 Bg5 14.a4 Rc8 15.Ba2 
Ne7 16.c3 Rc5 17.b4 Rc6 18.Ne2 O-O 19.f4 exf4 20.Ndxf4 Bxa2 21.Rxa2 Qb6+ 
22.Kh1 Qe3 23.Rf3 Qxe4 24.Nd4 Bxf4 25.Re2 Qd5 26.Rxf4 Rc7 27.Qe1 Qg5 28.
Qd2 1/2-1/2

[Event "23rd EUR-ch"]
[Site "Vrnjacka Banja SRB"]
[Date "2023.03.07"]
[Round "5.198"]
[White "Eric, Jovana"]
[Black "Grozdanovic, Anastasia"]
[Result "1-0"]
[WhiteElo "2230"]
[BlackElo "2050"]
[EventDate "2023.03.03"]
[PlyCount "83"]

1.e4 c6 2.d4 d5 3.e5 Bf5 4.Nf3 e6 5.Be2 Nd7 6.O-O Ne7 7.c3 h6 8.Na3 Qb6 9.
Nc2 a5 10.a4 Bh7 11.Ne3 Nf5 12.Bd3 Nxe3 13.fxe3 Bxd3 14.Qxd3 Be7 15.e4 Qa6
16.Qc2 Nb6 17.exd5 Nxd5 18.Bd2 c5 19.c4 Nb6 20.b3 cxd4 21.Nxd4 Nd7 22.Rae1
Qb6 23.Be3 Bg5 24.Bf2 Qb4 25.Rd1 Nxe5 26.Rfe1 Bf6 27.Re4 O-O 28.c5 Rfd8 
29.Be1 Qa3 30.Nb5 Rxd1 31.Nxa3 Rad8 32.Nb1 Nc6 33.Nc3 R1d3 34.Nb5 Be7 35.
h3 R8d5 36.Nd6 Rd1 37.Qf2 Bxd6 38.cxd6 Rxd6 39.Kh2 Rb1 40.Qg3 Rdd1 41.h4 
Ne7 42.Qc3 1-0

[Event "23rd EUR-ch"]
[Site "Vrnjacka Banja SRB"]
[Date "2023.03.07"]
[Round "5.199"]
[White "Kostic, Milutin B."]
[Black "Rabrenovic, Vladan"]
[Result "0-1"]
[WhiteElo "2049"]
[BlackElo "2223"]
[EventDate "2023.03.03"]
[PlyCount "70"]

1.d4 d6 2.Nf3 g6 3.g3 Bg7 4.Bg2 Nd7 5.c4 e5 6.Nc3 Ne7 7.e4 O-O 8.O-O exd4 
9.Nxd4 Nc6 10.Nde2 a6 11.Rb1 Rb8 12.Be3 Nde5 13.b3 b5 14.cxb5 axb5 15.h3 
Ne7 16.f4 b4 17.Nd5 Nxd5 18.exd5 Nd7 19.Nd4 Bb7 20.Nc6 Bxc6 21.dxc6 Re8 
22.Bd4 Nc5 23.Bxg7 Kxg7 24.Qd4+ Qf6 25.Rbd1 h5 26.Bf3 Qxd4+ 27.Rxd4 Re3 
28.Kf2 Rc3 29.Rfd1 f5 30.Re1 Nd3+ 31.Rxd3 Rxd3 32.Re7+ Kf6 33.Rxc7 Ra8 34.
Be2 Rxa2 35.Kf1 Rc3 0-1

[Event "23rd EUR-ch"]
[Site "Vrnjacka Banja SRB"]
[Date "2023.03.07"]
[Round "5.200"]
[White "Lazic, Emanuel"]
[Black "Mitrovic, Marjan"]
[Result "1-0"]
[WhiteElo "2041"]
[BlackElo "2208"]
[EventDate "2023.03.03"]
[PlyCount "64"]

1.e4 e5 2.Nf3 Nc6 3.Bc4 Nf6 4.d3 Bc5 5.Nc3 d6 6.Bg5 h6 7.Bxf6 Qxf6 8.Nd5 
Qd8 9.c3 Ne7 10.d4 Nxd5 11.dxc5 Nf4 12.g3 Nh3 13.cxd6 cxd6 14.Qd2 O-O 15.
Ng1 Nxg1 16.Rxg1 Bg4 17.h3 Be6 18.Bxe6 fxe6 19.O-O-O Qa5 20.Kb1 Rad8 21.
Qe2 d5 22.exd5 exd5 23.Qxe5 Rxf2 24.Qd4 Rf7 25.g4 Qa6 26.Rge1 Kh8 27.Re5 
Rf1 28.Ree1 Rxe1 29.Rxe1 Qg6+ 30.Ka1 Re8 31.Rb1 Qe4 32.Qxa7 b5 1-0

[Event "23rd EUR-ch"]
[Site "Vrnjacka Banja SRB"]
[Date "2023.03.07"]
[Round "5.201"]
[White "Sertbay, Huseyin"]
[Black "Starcevic, Ante Leon"]
[Result "0-1"]
[WhiteElo "2016"]
[BlackElo "2202"]
[EventDate "2023.03.03"]
[PlyCount "42"]

1.d4 Nf6 2.c4 g6 3.Nc3 d5 4.Nf3 Bg7 5.Qb3 dxc4 6.Qxc4 O-O 7.e4 Nc6 8.Be2 
Bg4 9.d5 Na5 10.Qa4 Bxf3 11.Bxf3 c6 12.O-O b5 13.Qd1 cxd5 14.Nxd5 Rc8 15.
Qe2 Nxd5 16.exd5 Nc4 17.g3 Re8 18.Rd1 Qb6 19.Bf4 Rc5 20.Rab1 Qf6 21.b3 Ne5
0-1

[Event "23rd EUR-ch"]
[Site "Vrnjacka Banja SRB"]
[Date "2023.03.07"]
[Round "5.202"]
[White "Krstic, Milos"]
[Black "Gusev, Mikhail"]
[Result "0-1"]
[WhiteElo "2198"]
[BlackElo "2039"]
[EventDate "2023.03.03"]
[PlyCount "88"]

1.e4 c5 2.Nf3 e6 3.d4 cxd4 4.Nxd4 Nc6 5.Nc3 Qc7 6.g3 a6 7.Bg2 Nf6 8.O-O 
Bc5 9.Nxc6 dxc6 10.Na4 Ba7 11.c4 e5 12.b4 Bd4 13.Rb1 Be6 14.Qc2 b5 15.Nb2 
Bxb2 16.Bxb2 Bxc4 17.Rfc1 O-O 18.Bf1 Bxf1 19.Kxf1 Rac8 20.Rd1 Rfd8 21.
Rxd8+ Rxd8 22.Rc1 h6 23.Kg2 Rc8 24.Qc5 Nxe4 25.Qe3 Nf6 26.Bxe5 Ng4 27.Bxc7
Nxe3+ 28.fxe3 Rxc7 29.Kf3 Kf8 30.Ke4 Ke7 31.g4 Kd6 32.Rd1+ Ke6 33.Rc1 Rc8 
34.Kf4 Kd6 35.Rc5 a5 36.a3 axb4 37.axb4 Ra8 38.Rf5 f6 39.h4 Ra4 40.g5 
Rxb4+ 41.e4 hxg5+ 42.hxg5 Ke6 43.g6 Rb1 44.Rc5 Kd6 0-1

[Event "23rd EUR-ch"]
[Site "Vrnjacka Banja SRB"]
[Date "2023.03.07"]
[Round "5.203"]
[White "Garifulin, Yury"]
[Black "Perkampus, Laurin"]
[Result "1/2-1/2"]
[WhiteElo "1975"]
[BlackElo "2189"]
[EventDate "2023.03.03"]
[PlyCount "82"]

1.e4 c6 2.d4 d5 3.Nc3 dxe4 4.Nxe4 Nf6 5.Nxf6+ exf6 6.c3 Bd6 7.Bd3 O-O 8.
Qc2 Re8+ 9.Ne2 h5 10.O-O h4 11.h3 Nd7 12.Be3 Nf8 13.Rad1 Bc7 14.Qc1 Be6 
15.c4 Rc8 16.Bf4 Ng6 17.Bxc7 Qxc7 18.Rfe1 Rcd8 19.b4 a5 20.a3 axb4 21.axb4
Ra8 22.d5 cxd5 23.cxd5 Qxc1 24.Nxc1 Bxd5 25.Rxe8+ Rxe8 26.Bxg6 fxg6 27.
Rxd5 Re1+ 28.Kh2 Rxc1 29.Rd7 b6 30.Rd6 Rf1 31.f3 g5 32.Rxb6 Rb1 33.b5 Kh7 
34.Rb8 Kg6 35.b6 Kf5 36.Rb7 Kf4 37.Rxg7 Rxb6 38.Re7 Rb1 39.Re4+ Kf5 40.Re8
Kf4 41.Re4+ Kf5 1/2-1/2